000 00978nam a2200241 a 4500
001 48265
003 BD-RjUL
005 20211209054505.0
008 160813s2000 ii ||||| b||| 001 0 ben d
020 _c: Tk. 125.00
035 _a(BD-RjUL)48384
040 _aBD-RjUL
_bben
_cBD-RjUL
041 _aben
082 _223
_a891.4409
_bDER 2000
100 _aদেবসেন, সুবোধ
_9146148
245 1 0 _aরবীন্দ্রসাহিত্যে ব্রাত্যসমাজ /
_cসুবোধ দেবসেন
260 _aকলকাতা :
_bপুস্তক বিপণি,
_c২০০০
300 _a২০৮ পৃ. ;
_c১৯ সেমি
504 _aগ্রন্থপঞ্জি ও নির্ঘণ্ট সংযুক্ত
650 _aবাংলা সাহিত্য
_xইতিহাস ও সমালোচনা
_9146149
650 _aBengali Literature
_xHistory and Criticism
_9146150
942 _2ddc
_cBK
999 _c48265
_d48265